[Event "GER-ch Schools U18 Girls"]
[Site "Germany"]
[Date "2009.05.16"]
[Round "2.2"]
[White "Brambach, Selina Maria"]
[Black "Knof, Henrike"]
[Result "0-1"]
[WhiteElo "967"]
[BlackElo "1362"]
[PlyCount "58"]
[EventDate "2009.05.16"]
[EventType "team-swiss"]
[EventRounds "7"]
[EventCountry "GER"]
[SourceTitle "EXT 2011"]
[Source "ChessBase"]
[SourceDate "2010.11.26"]
[SourceVersion "1"]
[SourceVersionDate "2010.11.26"]
[SourceQuality "1"]
[WhiteTeam "Schoenborn Bruchsal (W)"]
[BlackTeam "Kiel MPS (W)"]
[WhiteTeamCountry "GER"]
[BlackTeamCountry "GER"]

1. e4 e5 2. Nf3 Nc6 3. d4 exd4 4. Nxd4 Bc5 5. Be3 Qf6 6. c3 Nge7 7. Qd2 h6 8. Bc4 Ne5 9. Bb3 d6 10. Nb5 0-0 11. Bxc5 dxc5 12. Nxc7 Bh3 13. Nxa8 Bxg2 14. Rg1 Nf3+ 15. Ke2 Nxd2 16. Nxd2 Ng6 17. Rxg2 Nf4+ 18. Kf1 Nxg2 19. Kxg2 Qg5+ 20. Kf1 Qxd2 21. Rd1 Qxb2 22. Nc7 Qxc3 23. Nb5 Qh3+ 24. Ke1 Qxh2 25. Nxa7 Qh1+ 26. Kd2 Qxe4 27. Re1 Rd8+ 28. Kc3 Qxe1+ 29. Kc4 Qb4# 0-1

[Event "GER-ch Schools U18 Girls"]
[Site "Germany"]
[Date "2009.05.16"]
[Round "3.2"]
[White "Efinger, Leila"]
[Black "Brambach, Selina Maria"]
[Result "0-1"]
[WhiteElo "956"]
[BlackElo "967"]
[PlyCount "94"]
[EventDate "2009.05.16"]
[EventType "team-swiss"]
[EventRounds "7"]
[EventCountry "GER"]
[SourceTitle "EXT 2011"]
[Source "ChessBase"]
[SourceDate "2010.11.26"]
[SourceVersion "1"]
[SourceVersionDate "2010.11.26"]
[SourceQuality "1"]
[WhiteTeam "Mainz Gymn (W)"]
[BlackTeam "Schoenborn Bruchsal (W)"]
[WhiteTeamCountry "GER"]
[BlackTeamCountry "GER"]

1. d4 e6 2. Bf4 d5 3. e3 Nf6 4. Bd3 c5 5. c3 Nc6 6. Nf3 Qb6 7. Qc2 Bd7 8. Nbd2 Be7 9. 0-0 0-0 10. Rfe1 Rac8 11. Ne5 Rfd8 12. Ndf3 Ne4 13. Rab1 Nxe5 14. Nxe5 Bc6 15. Qe2 Bd6 16. Qg4 Nf6 17. Qg3 Nh5 18. Qh4 g6 19. e4 dxe4 20. Bxe4 Bxe4 21. Rxe4 f5 22. Re3 cxd4 23. cxd4 Qxd4 24. g3 Nxf4 25. Qxf4 Qxf4 26. gxf4 Rc2 27. Ree1 Bc5 28. Rf1 Rdd2 29. Rbc1 Rxc1 30. Rxc1 Bxf2+ 31. Kf1 Be3 32. Rc8+ Kg7 33. Rc7+ Kh6 34. Rxb7 Bxf4 35. Rxa7 Bxe5 36. b4 Rxh2 37. a4 Bd4 38. Re7 e5 39. a5 Rb2 40. Rb7 Bc3 41. a6 Ra2 42. b5 Bd4 43. a7 Bxa7 44. Re7 e4 45. Re6 Rb2 46. Re5 e3 47. Rxe3 Bxe3 0-1

[Event "GER-chT U14 Girls"]
[Site "Dittrichshuette"]
[Date "2005.12.27"]
[Round "1.1"]
[White "Bochis, Julia"]
[Black "Brambach, Selina Maria"]
[Result "1-0"]
[WhiteElo "1593"]
[BlackElo "1017"]
[PlyCount "71"]
[EventDate "2005.12.27"]
[EventType "team-swiss"]
[EventRounds "6"]
[EventCountry "GER"]
[SourceTitle "CBM 110 Extra"]
[Source "ChessBase"]
[SourceDate "2006.03.10"]
[SourceVersion "2"]
[SourceVersionDate "2006.03.10"]
[SourceQuality "1"]
[WhiteTeam "Hoerden U14 Girls"]
[BlackTeam "Untergrombach U14 Girls"]
[WhiteTeamCountry "GER"]
[BlackTeamCountry "GER"]

1. Nf3 Nc6 2. c4 e5 3. d3 h6 4. g3 Nf6 5. Bg2 Bc5 6. 0-0 0-0 7. a3 d5 8. b4 Be7 9. b5 Nd4 10. Nxe5 dxc4 11. dxc4 Bc5 12. e3 Ne6 13. Bb2 Bd6 14. Nf3 Nc5 15. Qc2 Nce4 16. Nc3 Nxc3 17. Qxc3 Re8 18. c5 Be7 19. Rfd1 Bd7 20. c6 bxc6 21. bxc6 Rb8 22. cxd7 Rf8 23. Ne5 Nxd7 24. Rxd7 Qe8 25. Bc6 f6 26. Nf3 Bd6 27. Rxd6 Qf7 28. Bd5 Qxd5 29. Rxd5 Rb7 30. Qc4 Kh7 31. Rb5 Rfb8 32. Rxb7 Rxb7 33. Qe4+ g6 34. Qxb7 f5 35. Qxc7+ Kg8 36. Qg7# 1-0

[Event "GER-chT U14 Girls"]
[Site "Dittrichshuette"]
[Date "2005.12.27"]
[Round "2.1"]
[White "Brambach, Selina Maria"]
[Black "Brustina, Valeriya"]
[Result "0-1"]
[WhiteElo "1017"]
[BlackElo "1376"]
[PlyCount "80"]
[EventDate "2005.12.27"]
[EventType "team-swiss"]
[EventRounds "6"]
[EventCountry "GER"]
[SourceTitle "CBM 110 Extra"]
[Source "ChessBase"]
[SourceDate "2006.03.10"]
[SourceVersion "2"]
[SourceVersionDate "2006.03.10"]
[SourceQuality "1"]
[WhiteTeam "Untergrombach U14 Girls"]
[BlackTeam "Duesseldorf SF 75 U14 Girls"]
[WhiteTeamCountry "GER"]
[BlackTeamCountry "GER"]

1. e4 e5 2. Nf3 Nc6 3. d4 exd4 4. Nxd4 Nxd4 5. Qxd4 c5 6. Qe3 b6 7. Bc4 g6 8. Qf4 Qf6 9. Bd5 Bh6 10. Qxf6 Nxf6 11. Bxa8 Bxc1 12. Nd2 Bxb2 13. Rd1 Ba6 14. Nf3 Bc3+ 15. Nd2 0-0 16. Bd5 Nxd5 17. f3 Re8 18. Kf2 Bd4+ 19. Ke1 Ne3 20. Rb1 Nxg2+ 21. Kd1 Ne3+ 22. Kc1 d5 23. Rb3 dxe4 24. fxe4 Bb7 25. e5 Bxh1 26. Ra3 Rxe5 27. Rxa7 Nd5 28. Kd1 Nc3+ 29. Kc1 Nb5 30. Kd1 Nxa7 31. Nc4 Bf3+ 32. Kd2 Re2+ 33. Kd3 f5 34. c3 b5 35. Nb6 Re3+ 36. Kc2 Rxc3+ 37. Kd2 Kf7 38. a4 b4 39. a5 Be3+ 40. Ke1 Rc1# 0-1